000 00449nam a2200193Ia 4500
008 151121s9999||||xx |||||||||||||| ||und||
082 _a338।95/
082 _bHNW-50245
100 _aPublisher
245 _aThird Five Year Plan
260 _bGovt। Of India।
260 _c--
300 _a774
600 _aPublisher
630 _aThird Five Year Plan
700 _aPublisher
730 _aThird Five Year Plan
942 _cBOOK
999 _c1235035
_d1235032